| Tag |
First Indicator |
Second Indicator |
Subfields |
| LEADER |
00000cam a2200000 a 4500 |
| 001 |
in00001220003 |
| 005 |
20151003052734.0 |
| 008 |
940422s1993 ne a b 101 0 eng d |
| 020 |
|
|
|a 9051991401
|
| 035 |
|
|
|a (OCoLC)30317434
|
| 035 |
|
|
|9 AGR6764AM
|
| 040 |
|
|
|a LUP
|c LUP
|d MYG
|d TXA
|d UtOrBLW
|
| 049 |
|
|
|a TXAM
|
| 090 |
|
|
|a TK7895.T73
|b W68 1993
|
| 111 |
2 |
|
|a World Transputer Congress
|d (1993 :
|c Aachen, Germany)
|
| 245 |
1 |
0 |
|a Transputer applications and systems '93 :
|b proceedings of the 1993 World Transputer Congress, 20-22 September 1993, Aachen, Germany /
|c edited by R. Grebe [and others].
|
| 264 |
|
1 |
|a Amsterdam ;
|a Burke, VA :
|b IOS Press,
|c 1993.
|
| 300 |
|
|
|a 1317 pages :
|b illustrations ;
|c 25 cm.
|
| 336 |
|
|
|a text
|b txt
|2 rdacontent
|
| 337 |
|
|
|a unmediated
|b n
|2 rdamedia
|
| 338 |
|
|
|a volume
|b nc
|2 rdacarrier
|
| 490 |
1 |
|
|a [Transputer and occam engineering series] ;
|v v. 36
|
| 500 |
|
|
|a "TAT '93"--Cover.
|
| 504 |
|
|
|a Includes bibliographical references and index.
|
| 650 |
|
0 |
|a Transputers
|v Congresses.
|
| 650 |
|
0 |
|a Real-time control
|v Congresses.
|
| 650 |
|
0 |
|a Systems programming (Computer science)
|x Congresses.
|
| 700 |
1 |
|
|a Grebe, R.
|q (Reinhard)
|
| 710 |
2 |
|
|a Transputer Consortium (TTC)
|
| 830 |
|
0 |
|a Transputer and occam engineering series ;
|v v. 36.
|
| 999 |
|
|
|a MARS
|
| 999 |
f |
f |
|s 188fc88c-2eff-3994-93ec-8b8633a0d075
|i 0e700c44-3ed6-3ae2-92af-abac45c41ae5
|t 0
|
| 952 |
f |
f |
|p ric
|a Texas A&M University
|b Rellis Campus
|c Joint Library Facility
|d Remote Storage
|t 0
|e TK7895.T73 W68 1993
|h Library of Congress classification
|i unmediated -- volume
|m A14819256411
|
| 998 |
f |
f |
|a TK7895.T73 W68 1993
|t 0
|l Remote Storage
|